000 01547cam a2200397 i 4500
001 559
005 20230616132853.0
008 150819s2016 nyu c 000 1 eng c
020 _a9780545552745 (hbk.)
020 _a0545552745
040 _aNJQ/DLC
_beng
_cNJQ
_erda
_dDLC
050 0 0 _aPZ7.L7784
_bKe 2016
082 0 4 _a813.6
_aFic
_223
100 1 _aLloyd, Natalie,
_eauthor.
245 1 4 _aThe key to extraordinary /
_cNatalie Lloyd.
250 _aFirst edition.
260 _aNew York :
_bScholastic.
_c2016.
300 _a227 pages ;
_c22 cm
505 _aM
520 _aTwelve-year old orphan Emma Casey lives by a haunted graveyard in her Tennessee town, giving tours, and helping her brother and Granny Blue with the family bakery, and waiting for the destiny dream of her ancestors--but when it comes it shows her only a key, and she finds that she must solve a ghostly mystery that has haunted her town for generations.
521 _a670
_bLexile
521 _aM
_bRaz-Plus
650 0 _aHaunted cemeteries
_vJuvenile fiction.
650 0 _aDreams
_vJuvenile fiction.
650 0 _aTreasure troves
_vJuvenile fiction.
650 0 _aOrphans
_vJuvenile fiction.
650 0 _aFamilies
_zTennessee
_vJuvenile fiction.
650 1 _aHaunted places
_vFiction.
650 1 _aGhosts
_vFiction.
650 1 _aDreams
_vFiction.
650 1 _aBuried treasure
_vFiction.
650 1 _aOrphans
_vFiction.
650 1 _aFamily life
_zTennessee
_vFiction.
906 _a7
_bcbc
_corignew
_d1
_eecip
_f20
_gy-gencatlg
942 _2ddc
_cBK
_n0
999 _c559
_d559